<?xml version="1.0" encoding="UTF-8"?>
<record
    xmlns:xsi="http://www.w3.org/2001/XMLSchema-instance"
    xsi:schemaLocation="http://www.loc.gov/MARC21/slim http://www.loc.gov/standards/marcxml/schema/MARC21slim.xsd"
    xmlns="http://www.loc.gov/MARC21/slim">

  <leader>00619nam a22001817a 4500</leader>
  <controlfield tag="003">BDDh-ASL</controlfield>
  <controlfield tag="005">20231015031303.0</controlfield>
  <controlfield tag="008">230331s1989    b  ||||| |||| 00| 0 e   d</controlfield>
  <datafield tag="040" ind1=" " ind2=" ">
    <subfield code="a">BDDh-ASL</subfield>
    <subfield code="c">BDDh-ASL</subfield>
  </datafield>
  <datafield tag="041" ind1=" " ind2=" ">
    <subfield code="a">eng</subfield>
  </datafield>
  <datafield tag="082" ind1=" " ind2=" ">
    <subfield code="a">909.297</subfield>
    <subfield code="b">BAG</subfield>
  </datafield>
  <datafield tag="100" ind1="1" ind2=" ">
    <subfield code="a">Baloch, N. A. </subfield>
    <subfield code="9">7798</subfield>
  </datafield>
  <datafield tag="245" ind1="1" ind2="0">
    <subfield code="a">Great Books of Islamic Civilization / </subfield>
  </datafield>
  <datafield tag="260" ind1=" " ind2=" ">
    <subfield code="a">Islamabad : </subfield>
    <subfield code="b">Pakistan Hijra Council, </subfield>
    <subfield code="c">1989. </subfield>
  </datafield>
  <datafield tag="300" ind1=" " ind2=" ">
    <subfield code="a">221 p. : </subfield>
    <subfield code="c">26 cm. </subfield>
  </datafield>
  <datafield tag="650" ind1=" " ind2="0">
    <subfield code="a">Islamic History (&#x987;&#x9B8;&#x9B2;&#x9BE;&#x9AE;&#x9C7;&#x9B0; &#x987;&#x9A4;&#x9BF;&#x9B9;&#x9BE;&#x9B8;), Islamic Civilization, &#x987;&#x9B8;&#x9B2;&#x9BE;&#x9AE;&#x9C0; &#x9B8;&#x9AD;&#x9CD;&#x9AF;&#x9A4;&#x9BE;, Isal&#x101;m&#x12B; sabhyat&#x101;</subfield>
    <subfield code="9">5885</subfield>
  </datafield>
  <datafield tag="942" ind1=" " ind2=" ">
    <subfield code="2">ddc</subfield>
    <subfield code="c">BK</subfield>
  </datafield>
  <datafield tag="952" ind1=" " ind2=" ">
    <subfield code="0">0</subfield>
    <subfield code="1">0</subfield>
    <subfield code="2">ddc</subfield>
    <subfield code="4">0</subfield>
    <subfield code="7">0</subfield>
    <subfield code="8">NFIC</subfield>
    <subfield code="a">ASL</subfield>
    <subfield code="b">ASL</subfield>
    <subfield code="c">GEN</subfield>
    <subfield code="d">2023-03-31</subfield>
    <subfield code="e">Donated by Mr. Mofidul Hoque</subfield>
    <subfield code="l">0</subfield>
    <subfield code="o">909.297 BAG</subfield>
    <subfield code="p">120248</subfield>
    <subfield code="r">2023-03-31 00:00:00</subfield>
    <subfield code="t">C-1</subfield>
    <subfield code="w">2023-03-31</subfield>
    <subfield code="y">BK</subfield>
    <subfield code="z">Y-1989</subfield>
  </datafield>
  <datafield tag="999" ind1=" " ind2=" ">
    <subfield code="c">31557</subfield>
    <subfield code="d">31557</subfield>
  </datafield>
</record>
